=LDR 00000nam 2200000 4500 =001 INLIS000000000009141 =005 20130612100948 =008 ***********************************Ind** =035 ##$$0010-061300000009141 =041 ##$$a Ind =082 ##$$a 005.7565 =090 ##$$a 005.756, Ver-d =100 ##$$a Veronica, W.H =245 ##$$a dBase III plus, W.H. Veronica =260 ##$$a 1992 $b Jakarta =300 ##$$a 101 hlm., 21 cm =650 ##$$a Komputer-Program dBase III plus =850 ##$$a NBPNMAT